| 000 | 00810nam a2200241 i 4500 | ||
|---|---|---|---|
| 003 | DO-SdBNP | ||
| 005 | 20231019084950.0 | ||
| 006 | a||||gr|||| 00| 0 | ||
| 007 | ta | ||
| 008 | 231018n190? dr aoc|| |||| 00| 0 spa d | ||
| 040 |
_aDO-SdBNP _bspa _cBNPHU _erda |
||
| 082 | 4 |
_222 _bR457m |
|
| 100 | 1 |
_aReyes, Leo, _973904 _d1951 - |
|
| 245 | 1 | 0 |
_aMaría de los Jazmines: _blos verdaderos origenes del Dr. Peña Gómez. / _cLeo Reyes |
| 264 | 1 |
_a[sin lugar] _b[sin edició] _c[190?] |
|
| 300 |
_a186 páginas : _bIlustraciones, fotografías, retratos ; _c21 cm |
||
| 336 |
_2rdacontent _atexto _btxt |
||
| 337 |
_2rdamedia _asin mediación _bn |
||
| 338 |
_2rdacarrier _avolumen _bnc |
||
| 500 | _aIncluye datos biográficos del autor en la contracubierta. | ||
| 590 | _aInventariado 2023 / MF | ||
| 942 |
_2ddc _cLBS1 |
||
| 999 |
_c55189 _d55189 |
||